000 00670nam a2200265Ia 4500
005 20260121165629.0
008 008 260114s9999 xx 000 0 eng d
020 _a9783319399584
037 _aEBOOK
040 _aCRL
040 _beng
040 _cCRL
041 _2eng
041 _aeng
084 _qCRL
100 _aBin Cui, Nan Zhang, Jianliang Xu, Xiang Lian, Dexi Liu
_91054109
245 0 _aWeb-Age Information Management
260 _bSpringer
260 _bSpringer
260 _c2016
856 _uhttps://link.springer.com/openurl?genre=book&isbn=978-3-319-39958-4
942 _cEBOOK
999 _c1619835
_d1619835